| 000 | 00534nam a22001817a 4500 | ||
|---|---|---|---|
| 003 | NUST | ||
| 005 | 20250618155410.0 | ||
| 008 | 171005b xxu||||| |||| 00| 0 eng d | ||
| 040 | _cNUST | ||
| 082 | _a200 | ||
| 100 |
_aWaqar,Saira _95267 |
||
| 245 |
_aPropaganda in media war between ARY and GEO / _cSaira Waqar, |
||
| 260 |
_aIslamabad _c2016 _bS3H NUST. |
||
| 600 |
_xMS-Mass Communication _9127937 |
||
| 700 | _4Supervisor: Dr. Najma Sadiq | ||
| 856 | _uhttp://10.250.8.41:8080/xmlui/handle/123456789/26583 | ||
| 942 |
_2ddc _cSC |
||
| 999 |
_c331596 _d331596 |
||